000 00645nam a2200205 i 4500
001 130547
003 ES-MaACL
005 20240530181244.0
007 t|
008 070731s1917 sp ||||1| spa d
100 1 _aZárate, Rodrigo.
_9118049
245 1 0 _aEspaña y América
_b: proyecciones y problemas derivados de la guerra /
_cRodrigo Zárate.
260 _aMadrid :
_b[Blass y Cía.],
_c1917.
300 _a385 p. ;
_c20 cm.
490 1 _aBiblioteca Calleja
651 4 _aEspaña-
_xRelaciones económicas-
_zAmérica Latina
_98480
830 0 _aBiblioteca Calleja
_9186820
852 _aES-MaACL
_jG-4384
999 _c130547
_d130547